000 00679nam a2200253Ia 4500
001 4711
005 20240113233754.0
007 ta
008 050614s1992 g b000 u asm u
040 _aCotton College,Assam
041 _aasm
082 _a891.41408
_bBo 644 Sa
100 _aBora, Rabindra Ch. .
245 0 _aSahitya Samiksha /
_cRabindra Ch. Bora.
_hTextual Documents
250 _arev. ed. /
260 _aGuwahati :
_bBanalata ,
_c1992.
300 _a183p. ;
_c21cm.
653 _aAssamese Essays-Collections
653 _aAssamese Literature-Criticism
653 _aPG-Assamese
942 _2ddc
_cBK
999 _c4698
_d4698